Khủng hoảng nợ công ở Tây Ban Nha (2009-2014) và một vài gợi mở đối với Việt Nam /

Сохранить в:
Библиографические подробности
Главный автор: Nguyễn Mỹ Hạnh
Формат: Статья
Язык:Vietnamese
Предметы:
Метки: Добавить метку
Нет меток, Требуется 1-ая метка записи!
Thư viện lưu trữ: Thư viện Trường Đại học Đà Lạt
LEADER 00810nam a2200265 4500
001 DLU170179270
005 ##20170321
040 # # |a DLU  |b vie 
041 # # |a vie 
044 # # |a vn 
100 # # |a Nguyễn Mỹ Hạnh 
245 # # |a Khủng hoảng nợ công ở Tây Ban Nha (2009-2014) và một vài gợi mở đối với Việt Nam /  |c Nguyễn Mỹ Hạnh 
653 # # |a Khủng hoảng nợ công 
653 # # |a Nợ công 
653 # # |a Tây Ban Nha 
773 # # |t Nghiên cứu Châu Âu  |g Số 9(180), 2015, tr. 56-65 
920 # # |a Phòng Tạp chí -- Trung tâm Thông tin - Thư viện Trường Đại học Đà Lạt 
994 # # |a DLU 
900 # # |a True 
911 # # |a Nguyễn Thị Tưởng 
925 # # |a G 
926 # # |a A 
927 # # |a BB 
980 # # |a Thư viện Trường Đại học Đà Lạt